[Event "Mittelfrank Regionalliga Nord-West 2223"]
[Site "Mittelfranken"]
[Date "2023.04.23"]
[Round "9.1"]
[White "Kuhn, Tobias"]
[Black "Seidel, Peter"]
[Result "1-0"]
[WhiteElo "2225"]
[BlackElo "2119"]
[PlyCount "41"]
[EventDate "2022.10.09"]
[EventType "team-tourn"]
[EventRounds "9"]
[EventCountry "GER"]
[SourceTitle "EXT 2024"]
[Source "ChessBase"]
[SourceDate "2023.10.10"]
[SourceVersion "1"]
[SourceVersionDate "2023.10.10"]
[SourceQuality "1"]
[WhiteTeam "Klingenberg"]
[BlackTeam "Hoechstadt/Aisch"]
[WhiteTeamCountry "GER"]
[BlackTeamCountry "GER"]

1. e4 c5 2. Nf3 Nc6 3. d4 cxd4 4. Nxd4 Nf6 5. Nc3 g6 6. Nxc6 bxc6 7. e5 Ng8 8. Bc4 Qc7 9. Qe2 Nh6 10. Bf4 Nf5 11. Bxf7+ Kd8 12. 0-0-0 Bg7 13. Be6 Qb6 14. Qd2 d6 15. Bb3 Bd7 16. g4 g5 17. exd6 Nd4 18. dxe7+ Ke8 19. Be3 c5 20. Nd5 Qb7 21. Bxd4 1-0

[Event "Mittelfranken Landesliga Nord 2122"]
[Site "Mittelfranken"]
[Date "2022.06.26"]
[Round "3.1"]
[White "Kuhn, Tobias"]
[Black "Kolb, Tobias"]
[Result "1/2-1/2"]
[WhiteElo "2206"]
[BlackElo "2369"]
[PlyCount "134"]
[EventDate "2021.10.24"]
[EventType "team-tourn"]
[EventRounds "9"]
[EventCountry "GER"]
[SourceTitle "EXT 2024"]
[Source "ChessBase"]
[SourceDate "2023.10.10"]
[SourceVersion "1"]
[SourceVersionDate "2023.10.10"]
[SourceQuality "1"]
[WhiteTeam "Klingenberg"]
[BlackTeam "Bamberg"]
[WhiteTeamCountry "GER"]
[BlackTeamCountry "GER"]

1. e4 c6 2. Nf3 d5 3. d3 dxe4 4. dxe4 Qxd1+ 5. Kxd1 Nf6 6. Nfd2 g5 7. a4 g4 8. Nc3 h5 9. Bc4 Nbd7 10. a5 Bh6 11. b4 Ne5 12. Bb3 Be6 13. Bxe6 fxe6 14. Nb3 Bxc1 15. Kxc1 Kf7 16. Nc5 b6 17. Nd3 Nc4 18. Re1 e5 19. Nd1 Ke6 20. Ne3 Nd6 21. f4 gxf3 22. gxf3 Nd7 23. f4 Rhf8 24. f5+ Kf6 25. Nf2 Kf7 26. axb6 axb6 27. Kb2 b5 28. Rg1 Rfb8 29. Rxa8 Rxa8 30. Rg5 Ra4 31. Nd3 Nxe4 32. Rxh5 Nef6 33. Rh6 e4 34. Nc5 Rxb4+ 35. Ka3 Rd4 36. Ne6 Ra4+ 37. Kb2 Ra8 38. Ng5+ Kf8 39. Rh8+ Ng8 40. Ne6+ Kf7 41. Ng4 Rb8 42. Rh7+ Ke8 43. Rh8 Kf7 44. h4 e3 45. Kc3 b4+ 46. Kd3 b3 47. cxb3 Rxb3+ 48. Ke2 Rb4 49. Rh7+ Ke8 50. Ng7+ Kf7 51. Ne6+ Ke8 52. Ng7+ Kf7 53. Ne6+ Ke8 54. Nxe3 Nf8 55. Nc7+ Kd7 56. Rh8 Kxc7 57. Rxg8 Nd7 58. Rh8 Kd6 59. Kf3 Nf6 60. Rd8+ Ke5 61. Rc8 Kd6 62. Rd8+ Ke5 63. Rc8 Rf4+ 64. Ke2 Nd5 65. Rxc6 Nxe3 66. Re6+ Kxf5 67. Kxe3 Rxh4 1/2-1/2

[Event "Landesliga Nord 1920"]
[Site "Bayern"]
[Date "2020.03.01"]
[Round "7.2"]
[White "Kuhn, Tobias"]
[Black "Stauch, Edgar"]
[Result "1/2-1/2"]
[WhiteElo "2189"]
[BlackElo "2075"]
[PlyCount "38"]
[EventDate "2019.09.29"]
[EventType "team-tourn"]
[EventRounds "9"]
[EventCountry "GER"]
[SourceTitle "EXT 2021"]
[Source "ChessBase"]
[SourceDate "2020.10.23"]
[SourceVersion "1"]
[SourceVersionDate "2020.10.23"]
[SourceQuality "1"]
[WhiteTeam "Klingenberg"]
[BlackTeam "Kronach"]
[WhiteTeamCountry "GER"]
[BlackTeamCountry "GER"]

1. Nf3 Nf6 2. g3 g6 3. b3 Bg7 4. Bb2 0-0 5. Bg2 c5 6. c4 Nc6 7. 0-0 d6 8. d4 cxd4 9. Nxd4 Bd7 10. Nc3 Nxd4 11. Qxd4 Bc6 12. Nd5 Nh5 13. Qd2 Bxb2 14. Qxb2 e6 15. Ne3 Bxg2 16. Kxg2 f5 17. f3 Qg5 18. f4 Qe7 19. Rad1 Nf6 1/2-1/2

[Event "Arco op 41st"]
[Site "Arco"]
[Date "2019.10.05"]
[Round "2"]
[White "Kuhn, Tobias"]
[Black "Tuerschmann, Steffen"]
[Result "1-0"]
[WhiteElo "2234"]
[BlackElo "1974"]
[PlyCount "169"]
[EventDate "2019.10.04"]
[EventType "swiss"]
[EventRounds "9"]
[EventCountry "ITA"]
[SourceTitle "EXT 2020"]
[Source "ChessBase"]
[SourceDate "2019.10.17"]
[SourceVersion "1"]
[SourceVersionDate "2019.10.17"]
[SourceQuality "1"]

1. e4 d6 2. d4 g6 3. Nc3 Bg7 4. f4 c6 5. Nf3 Bg4 6. Be3 Nd7 7. Bc4 Bxf3 8. Qxf3 e6 9. 0-0 Ne7 10. d5 exd5 11. exd5 c5 12. Ne4 Qc7 13. c3 0-0 14. a4 Nb6 15. Nd2 Nf5 16. Bf2 Nh6 17. h3 Rfe8 18. Bb5 Re7 19. Bh4 f6 20. a5 Nd7 21. Rfe1 Rxe1+ 22. Rxe1 Nf5 23. Bf2 Nf8 24. Bd3 Qxa5 25. Bxf5 gxf5 26. Qh5 Qb5 27. Nf3 Ng6 28. Qxf5 Re8 29. Re6 Rxe6 30. Qxe6+ Kh8 31. Qxd6 b6 32. f5 Nf8 33. Bh4 Qd7 34. Qxd7 Nxd7 35. c4 Bh6 36. Kf2 Kg8 37. Bg3 Kf7 38. Ke2 Ke7 39. Kd3 a6 40. b3 Kd8 41. Ke4 b5 42. cxb5 axb5 43. Bd6 Kc8 44. g4 c4 45. bxc4 bxc4 46. Kd4 Nb6 47. Bb4 Kd7 48. Ba5 Na4 49. Kxc4 Nb2+ 50. Kd4 Nd1 51. Be1 Ne3 52. Ke4 Nc4 53. Bb4 Bc1 54. h4 h6 55. Bc5 Nd6+ 56. Bxd6 Kxd6 57. Nd4 Bb2 58. Ne6 Bc1 59. Nd8 Kd7 60. Nb7 Kc7 61. Nc5 Kd6 62. Nb3 Bb2 63. Nd4 Bc1 64. Ne2 Bb2 65. Ng3 Be5 66. Nh5 Bb2 67. Nf4 Be5 68. Ne6 Bb2 69. g5 fxg5 70. hxg5 hxg5 71. Nxg5 Ke7 72. Nf3 Bf6 73. Ne5 Kd6 74. Ng4 Bg5 75. f6 Bh4 76. f7 Ke7 77. Ne5 Bf6 78. Kf5 Bg7 79. Ke4 Bf6 80. d6+ Kf8 81. d7 Bd8 82. Kd5 Ke7 83. Kc6 Ba5 84. Kb7 Bb4 85. f8Q+ 1-0

[Event "Feffernitz op 27th"]
[Site "Feffernitz"]
[Date "2018.08.21"]
[Round "4"]
[White "Kuhn, Tobias"]
[Black "Bures, Jaroslav"]
[Result "1-0"]
[WhiteElo "2204"]
[BlackElo "2413"]
[PlyCount "47"]
[EventDate "2018.08.19"]
[EventType "swiss"]
[EventRounds "9"]
[EventCountry "AUT"]
[SourceTitle "CBM 186 Extra"]
[Source "ChessBase"]
[SourceDate "2018.08.24"]
[SourceVersion "1"]
[SourceVersionDate "2018.08.24"]
[SourceQuality "1"]

1. Nf3 Nf6 2. g3 d5 3. Bg2 c6 4. b3 Bf5 5. Bb2 Nbd7 6. 0-0 h6 7. d3 e6 8. Nbd2 Be7 9. e4 dxe4 10. dxe4 Nxe4 11. Nxe4 Bxe4 12. Bxg7 Rg8 13. Bxh6 Bf6 14. Rc1 Qa5 15. Qe2 Bxf3 16. Qxf3 Rg6 17. Bf4 Qxa2 18. Rfd1 Rd8 19. h4 Bb2 20. Qh5 e5 21. Be4 Bxc1 22. Bxg6 Bxf4 23. Bxf7+ Ke7 24. Bc4 1-0

[Event "Regionalliga NW 1617"]
[Site "Bayern"]
[Date "2017.03.19"]
[Round "7.2"]
[White "Kuhn, Tobias"]
[Black "Rupp, Markus"]
[Result "1/2-1/2"]
[WhiteElo "2144"]
[BlackElo "2226"]
[PlyCount "27"]
[EventDate "2016.10.16"]
[EventType "team-tourn"]
[EventRounds "9"]
[EventCountry "GER"]
[SourceTitle "EXT 2019"]
[Source "ChessBase"]
[SourceDate "2018.10.10"]
[SourceVersion "1"]
[SourceVersionDate "2018.10.10"]
[SourceQuality "1"]
[WhiteTeam "Klingenberg/Main"]
[BlackTeam "Wuerzburg"]
[WhiteTeamCountry "GER"]
[BlackTeamCountry "GER"]

1. e4 e6 2. d4 d5 3. Nd2 c5 4. exd5 Qxd5 5. Ngf3 cxd4 6. Bc4 Qd6 7. 0-0 Nf6 8. Nb3 Nc6 9. Nbxd4 Nxd4 10. Nxd4 a6 11. a4 Bd7 12. b3 Qc7 13. Qe2 Bd6 14. h3 1/2-1/2

[Event "Regionalliga NW 1617"]
[Site "Bayern"]
[Date "2016.12.04"]
[Round "3.2"]
[White "Hofstetter, Hans Joachim"]
[Black "Kuhn, Tobias"]
[Result "0-1"]
[WhiteElo "2134"]
[BlackElo "2144"]
[PlyCount "58"]
[EventDate "2016.10.16"]
[EventType "team-tourn"]
[EventRounds "9"]
[EventCountry "GER"]
[SourceTitle "EXT 2019"]
[Source "ChessBase"]
[SourceDate "2018.10.10"]
[SourceVersion "1"]
[SourceVersionDate "2018.10.10"]
[SourceQuality "1"]
[WhiteTeam "Bad Neustadt"]
[BlackTeam "Klingenberg/Main"]
[WhiteTeamCountry "GER"]
[BlackTeamCountry "GER"]

1. e4 d6 2. d4 Nf6 3. Nc3 g6 4. g3 Bg7 5. Bg2 0-0 6. Nge2 c6 7. 0-0 Na6 8. h3 Be6 9. b3 d5 10. e5 Ne8 11. Nf4 Nec7 12. Be3 f6 13. exf6 exf6 14. Nxe6 Nxe6 15. Qd2 f5 16. Ne2 Qf6 17. Rad1 Rae8 18. c4 Nac7 19. Qa5 g5 20. cxd5 b6 21. Qxa7 Nxd5 22. Bxd5 cxd5 23. Nc3 f4 24. Bc1 Nxd4 25. Nxd5 Qe6 26. Rxd4 Bxd4 27. Nc7 Qxh3 28. gxf4 Qg3+ 29. Kh1 Bxf2 0-1

[Event "Regionalliga NW 1617"]
[Site "Bayern"]
[Date "2016.11.20"]
[Round "2.2"]
[White "Kuhn, Tobias"]
[Black "Shashkin, Igor"]
[Result "1-0"]
[WhiteElo "2144"]
[BlackElo "2042"]
[PlyCount "129"]
[EventDate "2016.10.16"]
[EventType "team-tourn"]
[EventRounds "9"]
[EventCountry "GER"]
[SourceTitle "EXT 2019"]
[Source "ChessBase"]
[SourceDate "2018.10.10"]
[SourceVersion "1"]
[SourceVersionDate "2018.10.10"]
[SourceQuality "1"]
[WhiteTeam "Klingenberg/Main"]
[BlackTeam "Hof PTSV"]
[WhiteTeamCountry "GER"]
[BlackTeamCountry "GER"]

1. e4 Nf6 2. e5 Nd5 3. d4 d6 4. Nf3 Bg4 5. Be2 e6 6. 0-0 Be7 7. c4 Nb6 8. Nc3 0-0 9. b3 Nc6 10. Bf4 dxe5 11. dxe5 Qxd1 12. Raxd1 Rad8 13. Nd4 Rxd4 14. Rxd4 Bxe2 15. Nxe2 Nxd4 16. Nxd4 Bc5 17. Nb5 a6 18. Nc3 Bb4 19. Ne4 Rd8 20. f3 a5 21. Bg5 Rd7 22. Kf2 Nc8 23. Ra1 Ba3 24. Bc1 Bxc1 25. Rxc1 Ne7 26. Rc2 Rd8 27. f4 Nc6 28. a3 Kf8 29. Ke3 Ke7 30. Rd2 Rxd2 31. Nxd2 f6 32. Nf3 b6 33. g4 Kd7 34. h4 h6 35. Ke4 Ke7 36. exf6+ Kxf6 37. h5 Ke7 38. Ne5 Nd8 39. b4 axb4 40. axb4 Nb7 41. Kd4 Nd6 42. c5 bxc5+ 43. Kxc5 Ne4+ 44. Kc6 Nf6 45. b5 Kd8 46. Nf7+ Ke7 47. Ne5 Kd8 48. Kc5 Nd5 49. f5 Nf4 50. Ng6 Nd3+ 51. Kd4 Nf2 52. fxe6 Nxg4 53. Kd5 Nf6+ 54. Kc6 Nxh5 55. e7+ Ke8 56. Kxc7 Nf6 57. Kd6 Nd7 58. Ke6 Nb6 59. Nf4 g5 60. Ng6 g4 61. Nf4 Nc8 62. Nd5 Nxe7 63. Nxe7 g3 64. b6 Kd8 65. Kd6 1-0

[Event "Regionalliga NW 1516"]
[Site "Bayern"]
[Date "2016.02.21"]
[Round "7.2"]
[White "Kuhn, Tobias"]
[Black "Hertel, Hans"]
[Result "1/2-1/2"]
[WhiteElo "2149"]
[BlackElo "2020"]
[PlyCount "101"]
[EventDate "2015.10.11"]
[EventType "team-tourn"]
[EventRounds "9"]
[EventCountry "GER"]
[SourceTitle "EXT 2018"]
[Source "ChessBase"]
[SourceDate "2017.10.13"]
[SourceVersion "1"]
[SourceVersionDate "2017.10.13"]
[SourceQuality "1"]
[WhiteTeam "Klingenberg"]
[BlackTeam "Hof PTSV"]
[WhiteTeamCountry "GER"]
[BlackTeamCountry "GER"]

1. e4 e5 2. d4 exd4 3. Qxd4 Nc6 4. Qe3 Be7 5. Nc3 Nf6 6. Bc4 0-0 7. Bd2 a5 8. 0-0-0 Ne5 9. Be2 c6 10. f4 Neg4 11. Qg3 d5 12. h3 Nh6 13. e5 Nd7 14. Nf3 b5 15. Qf2 a4 16. g4 b4 17. Nb1 Nc5 18. Ng5 b3 19. cxb3 axb3 20. a3 f6 21. exf6 gxf6 22. Nxh7 Kxh7 23. Qh4 Kg7 24. Bc3 Ne4 25. g5 Nf5 26. gxf6+ Bxf6 27. Rhg1+ Kf7 28. Qh7+ Ke6 29. Bg4 Bxc3 30. Nxc3 Nxc3 31. Bxf5+ Rxf5 32. bxc3 Kd6 33. Rg6+ Kc5 34. Qg7 Ra4 35. Rd4 Rxf4 36. Rxf4 Rxf4 37. Qa7+ Qb6 38. Qe7+ Kb5 39. Rg2 Re4 40. Qd6 Kc4 41. Kb2 Bxh3 42. Rd2 Bc8 43. Qf8 Ba6 44. a4 Qb7 45. Qf2 Qg7 46. Qf1+ Kc5 47. Qxa6 Rc4 48. Qa5+ Kd6 49. Qd8+ Kc5 50. Qa5+ Kd6 51. Qd8+ 1/2-1/2

[Event "Landesliga Nord 1415"]
[Site "Bayern"]
[Date "2014.12.07"]
[Round "4.2"]
[White "Kuhn, Tobias"]
[Black "Wagner, Florian"]
[Result "0-1"]
[WhiteElo "2149"]
[BlackElo "2109"]
[PlyCount "78"]
[EventDate "2014.10.19"]
[EventType "team-tourn"]
[EventRounds "9"]
[EventCountry "GER"]
[SourceTitle "EXT 2018"]
[Source "ChessBase"]
[SourceDate "2017.10.13"]
[SourceVersion "1"]
[SourceVersionDate "2017.10.13"]
[SourceQuality "1"]
[WhiteTeam "Klingenberg"]
[BlackTeam "Nuernberg NT II"]
[WhiteTeamCountry "GER"]
[BlackTeamCountry "GER"]

1. Nf3 c5 2. b3 Nc6 3. Bb2 d5 4. e3 Nf6 5. d4 e6 6. Bd3 Be7 7. 0-0 0-0 8. Nbd2 b6 9. Ne5 Nxe5 10. dxe5 Ne8 11. f4 g6 12. c4 f5 13. exf6 Bxf6 14. Bxf6 Nxf6 15. Nf3 Qe7 16. Qc2 Bd7 17. Ne5 Be8 18. a4 a5 19. Rad1 Rd8 20. g4 Qg7 21. g5 Nd7 22. Ng4 Kh8 23. Be2 Nb8 24. e4 Nc6 25. exd5 Nd4 26. Qe4 exd5 27. cxd5 Rxd5 28. Qxd5 Nxe2+ 29. Kh1 Nc3 30. Qe5 Nxd1 31. Rxd1 Qxe5 32. fxe5 Bc6+ 33. Kg1 Bf3 34. Rf1 Rf5 35. Nh6 Rxg5+ 36. Kf2 Bd5 37. Re1 Be6 38. Rd1 Kg7 39. Rd6 Rxe5 0-1

[Event "Regionalliga NW 1213"]
[Site "Bayern"]
[Date "2013.02.03"]
[Round "6.2"]
[White "Lang, Stefan1111"]
[Black "Kuhn, Tobias"]
[Result "1-0"]
[WhiteElo "2066"]
[BlackElo "2143"]
[PlyCount "67"]
[EventDate "2012.10.14"]
[EventType "team-tourn"]
[EventRounds "9"]
[EventCountry "GER"]
[SourceTitle "EXT 2015"]
[Source "ChessBase"]
[SourceDate "2014.11.20"]
[SourceVersion "1"]
[SourceVersionDate "2014.11.20"]
[SourceQuality "1"]
[WhiteTeam "Bad Neustadt"]
[BlackTeam "Klingenberg/Main"]
[WhiteTeamCountry "GER"]
[BlackTeamCountry "GER"]

1. d4 Nf6 2. c4 g6 3. Nc3 Bg7 4. e4 d6 5. f4 c5 6. d5 0-0 7. Nf3 e6 8. Be2 exd5 9. cxd5 Re8 10. Nd2 Na6 11. 0-0 Nc7 12. a4 Rb8 13. Bf3 b6 14. Nb5 Nxb5 15. axb5 a6 16. bxa6 b5 17. Kh1 Ra8 18. e5 dxe5 19. fxe5 Rxe5 20. Nb3 Ne4 21. Bxe4 Rxe4 22. d6 Bf5 23. Nxc5 Rd4 24. Qf3 Ra7 25. Be3 Qxd6 26. Nb7 Qe6 27. Bxd4 Bxd4 28. Nd8 Qe8 29. Nc6 Be4 30. Rae1 Qxc6 31. Rxe4 Bxb2 32. Qf2 Ra8 33. Re7 Bg7 34. Qxf7+ 1-0

[Event "Bayern-ch 83th"]
[Site "Bayerisch Eisenstein"]
[Date "2012.08.22"]
[Round "5"]
[White "Knechtel, Roland"]
[Black "Kuhn, Tobias"]
[Result "1/2-1/2"]
[WhiteElo "2212"]
[BlackElo "2161"]
[PlyCount "52"]
[EventDate "2012.08.18"]
[EventType "swiss"]
[EventRounds "9"]
[EventCountry "GER"]
[SourceTitle "EXT 2013"]
[Source "ChessBase"]
[SourceDate "2012.11.22"]
[SourceVersion "1"]
[SourceVersionDate "2012.11.22"]
[SourceQuality "1"]

1. d4 Nf6 2. Nf3 c5 3. c4 cxd4 4. Nxd4 Nc6 5. Nc3 g6 6. e4 d6 7. Be2 Bg7 8. Be3 0-0 9. 0-0 Bd7 10. f3 a5 11. Qd2 a4 12. b3 Qa5 13. Rab1 Rfc8 14. Nxc6 Bxc6 15. b4 Qd8 16. a3 Bd7 17. Rbc1 Be6 18. Nb5 Bd7 19. c5 Ne8 20. Rfd1 Be6 21. cxd6 Nxd6 22. Nxd6 Qxd6 23. Rxc8+ Rxc8 24. Qxd6 exd6 25. Bb5 Bb3 26. Rc1 Rxc1+ 1/2-1/2

[Event "Unterfranken-ch M1 63th"]
[Site "Schweinfurt"]
[Date "2012.04.13"]
[Round "8"]
[White "Kuhn, Tobias"]
[Black "Basel, Matthias"]
[Result "0-1"]
[WhiteElo "2161"]
[BlackElo "2035"]
[PlyCount "118"]
[EventDate "2012.04.09"]
[EventType "swiss"]
[EventRounds "9"]
[EventCountry "GER"]
[SourceTitle "EXT 2015"]
[Source "ChessBase"]
[SourceDate "2014.11.20"]
[SourceVersion "1"]
[SourceVersionDate "2014.11.20"]
[SourceQuality "1"]

1. c4 Nf6 2. g3 g6 3. Bg2 Bg7 4. Nc3 0-0 5. d3 c6 6. e4 d6 7. Bg5 Qa5 8. Qd2 Re8 9. h3 Nfd7 10. Nge2 Nc5 11. 0-0 Nxd3 12. Be3 Ne5 13. b3 Bxh3 14. f3 Nxf3+ 15. Rxf3 Bg4 16. b4 Qa3 17. Rff1 Bxe2 18. Nxe2 Bxa1 19. Rxa1 Nd7 20. Rb1 Ne5 21. Rb3 Qa6 22. b5 Qa4 23. bxc6 bxc6 24. c5 Nc4 25. Rb4 Nxd2 26. Rxa4 Nb1 27. e5 d5 28. e6 fxe6 29. Bf4 e5 30. Bxe5 Nd2 31. Nd4 Nc4 32. Rxc4 dxc4 33. Bxc6 e6 34. Bxe8 Rxe8 35. Kf2 Kf7 36. c6 Ke7 37. Nb5 Ra8 38. Ke3 a6 39. Nd6 Kd8 40. Nxc4 Rc8 41. Na5 Ke7 42. Kd4 Rd8+ 43. Kc5 Rd5+ 44. Kb6 Rb5+ 45. Kxa6 Rxe5 46. Kb6 Re2 47. a4 Rb2+ 48. Kc5 Ra2 49. Kb6 Rxa4 50. Nb7 Rb4+ 51. Kc7 Rc4 52. Nd6 Rc3 53. Nc8+ Kf6 54. Nd6 Ke5 55. Nb5 Rxg3 56. Kd7 Rd3+ 57. Ke7 Rd1 58. Ke8 Rc1 59. Kf7 g5 0-1